| 000 | 00641cam a22001815a 4500 | ||
|---|---|---|---|
| 001 | L156871 | ||
| 008 | 120515s1859 xxk f 000 0 eng d | ||
| 035 | _a(Sirsi) u156871 | ||
| 041 | 0 | _aeng | |
| 245 | 0 | 0 |
_aSkyring's builders' prices _bcalculated from the prime cost of materials and labour; the new Buildings' Act, list of district surveyors; and a variety of useful information |
| 250 | _a49th ed. | ||
| 260 |
_aLondon _bW. H. Skyring _c1859 |
||
| 300 |
_a158 p. _bill. _c22 cm. |
||
| 583 |
_aCondition reviewed _c20120620 _lcondition level 3 |
||
| 651 | 4 |
_aGreat Britain _y1707- |
|
| 690 |
_aConstruction management _96230 |
||
| 942 | _n0 | ||
| 999 |
_c114459 _d114459 |
||